Lost horizon, (Record no. 228)

MARC details
000 -LEADER
fixed length control field 00623cam a2200205 4500
001 - CONTROL NUMBER
control field 255
005 - DATE AND TIME OF LATEST TRANSACTION
control field 20181127161021.0
008 - FIXED-LENGTH DATA ELEMENTS--GENERAL INFORMATION
fixed length control field 821210s1944 nyu 000 0 eng
010 ## - LIBRARY OF CONGRESS CONTROL NUMBER
LC control number 44040365
100 1# - MAIN ENTRY--PERSONAL NAME
Personal name Hilton, James,
Dates associated with a name 1900-1954.
245 10 - TITLE STATEMENT
Title Lost horizon,
260 ## - PUBLICATION, DISTRIBUTION, ETC.
Place of publication, distribution, etc. New York :
Name of publisher, distributor, etc. Pocket Books,
Date of publication, distribution, etc. 1960.
300 ## - PHYSICAL DESCRIPTION
Extent 231 p. :
Dimensions 17 cm.
650 #0 - SUBJECT ADDED ENTRY--TOPICAL TERM
Topical term or geographic name entry element Shangri-La (Imaginary place)
Form subdivision Fiction.
Topical term or geographic name entry element Survival after airplane accidents, shipwrecks, etc.
Form subdivision Fiction.
Topical term or geographic name entry element Utopias
Form subdivision Fiction.
651 #0 - SUBJECT ADDED ENTRY--GEOGRAPHIC NAME
Geographic name Himalaya Mountains
Form subdivision Fiction.
655 #7 - INDEX TERM--GENRE/FORM
Genre/form data or focus term Fantasy fiction.
Source of term gsafd
Genre/form data or focus term Utopian fiction.
Source of term gsafd
Holdings
Withdrawn status Lost status Source of classification or shelving scheme Damaged status Not for loan Collection code Home library Current library Shelving location Serial Enumeration / chronology Inventory number Total Checkouts Full call number Barcode Date last seen Price effective from Koha item type
    Dewey Decimal Classification     Main TEST RTC Library RTC Library Main opac 292   823.9 HIL 30000307 27/11/2018 27/11/2018 Main
Royal Thimphu College || All Right Reserved